000 00260nam a22001097a 4500
082 _a621.388 CIS'R
100 _aCISIN, HARRY G
_980427
245 _aRAPID TV TROUBLE SHOOTING METHODS
260 _aNEWYORK
_bHARRY G. CISIN
_c1967
300 _a22P
942 _cBK
999 _c585363
_d585363